000
00317nam a22001337a 4500
020
_a
978-0415006729
041
_a
ENG
100
_a
Soussan.J
245
_a
Primart Resources And Energy In The Third World
260
_a
New York
_b
Routledge London
_c
1988
300
_a
114
650
_a
EOES
856
_u
EOES ( 12 )
999
_c
1244
_d
1244